000 00520nam a22001577a 4500
005 20240305154109.0
008 240305b ||||| |||| 00| 0 eng d
040 _cAL
041 _aeng
082 _223
_a332.76
_bIDEN
100 _aMohammed Salim C P
_9153056
245 _aIdentification of Potential Market for Standard Chartered Bank Credit Cards in Information Technology Sector in Bangalore City
260 _aMangalore
_bSt Aloysius College
_c1997
700 _aSALIM (Mohammed C P)
_9153055
942 _2ddc
_cPRO
999 _c230063
_d230063